Gemeinde am Sonntag / [1] Lesejahr A

Saved in:  
Bibliographic Details
Format: Print Book
Language:German
Subito Delivery Service: Order now.
Check availability: HBZ Gateway
WorldCat: WorldCat
Interlibrary Loan:Interlibrary Loan for the Fachinformationsdienste (Specialized Information Services in Germany)
Published: Freiburg im Breisgau Basel Wien Herder 1983
In: Gemeinde am Sonntag d. Feier von Wortgottesdiensten ohne Priester
Year: 1983

MARC

LEADER 00000cam a22000002cc4500
001 1092229116
003 DE-627
005 20240425204814.0
007 tu
008 901112s1983 xx ||||| 00| ||ger c
020 |a 3451199416  |9 3-451-19941-6 
035 |a (DE-627)1092229116 
035 |a (DE-576)022229116 
035 |a (DE-599)BSZ022229116 
035 |a (OCoLC)311530472 
040 |a DE-627  |b ger  |c DE-627  |e rakwb 
041 |a ger 
084 |a 1  |2 ssgn 
245 0 0 |a Gemeinde am Sonntag  |n [1]  |p Lesejahr A  |c Karl Schlemmer 
264 1 |a Freiburg im Breisgau  |a Basel  |a Wien  |b Herder  |c 1983 
300 |a 326 S. 
336 |a Text  |b txt  |2 rdacontent 
337 |a ohne Hilfsmittel zu benutzen  |b n  |2 rdamedia 
338 |a Band  |b nc  |2 rdacarrier 
583 1 |a Archivierung/Langzeitarchivierung gewährleistet  |f PEBW  |x XA-DE-BW  |2 pdager  |5 DE-31 
601 |a Gemeinde 
601 |a Sonntag 
773 1 8 |a Gemeinde am Sonntag d. Feier von Wortgottesdiensten ohne Priester  |w (DE-627)1090984367  |w (DE-576)020984367  |g [1]  |q [1]  |7 nnam 
935 |a mteo 
951 |a MV 
ELC |b 1 
ITA |a 1 
LOK |0 000 xxxxxcx a22 zn 4500 
LOK |0 001 2154102832 
LOK |0 003 DE-627 
LOK |0 004 1092229116 
LOK |0 005 20221011080236 
LOK |0 008 901112||||||||||||||||ger||||||| 
LOK |0 040   |a DE-21-35  |c DE-627  |d DE-21-35 
LOK |0 541   |e 1983/70737 
LOK |0 852   |a DE-21-35 
LOK |0 852 1  |c Ps 35.52-A  |m p  |9 00 
LOK |0 938   |k p 
LOK |0 939   |a 12-11-90  |b l01 
ORI |a SA-MARC-ixtheoa001.raw